MARC details
| 000 -LEADER |
| fixed length control field |
01341cam a2200325 a 4500 |
| 001 - CONTROL NUMBER |
| control field |
17267894 |
| 003 - CONTROL NUMBER IDENTIFIER |
| control field |
GZU |
| 005 - DATE AND TIME OF LATEST TRANSACTION |
| control field |
20200902154724.0 |
| 008 - FIXED-LENGTH DATA ELEMENTS--GENERAL INFORMATION |
| fixed length control field |
120423s2012 caua b 001 0 eng |
| 010 ## - LIBRARY OF CONGRESS CONTROL NUMBER |
| LC control number |
2012016451 |
| 020 ## - INTERNATIONAL STANDARD BOOK NUMBER |
| International Standard Book Number |
9781606061244 (pbk.) |
| 040 ## - CATALOGING SOURCE |
| Original cataloging agency |
DLC |
| Transcribing agency |
DLC |
| Modifying agency |
DLC |
| 042 ## - AUTHENTICATION CODE |
| Authentication code |
pcc |
| 050 00 - LIBRARY OF CONGRESS CALL NUMBER |
| Classification number |
CC135 |
| Item number |
.A732 2012 |
| 082 00 - DEWEY DECIMAL CLASSIFICATION NUMBER |
| Classification number |
930.1 |
| Edition number |
23 |
| 245 00 - TITLE STATEMENT |
| Title |
Archaeological sites : |
| Remainder of title |
conservation and management / |
| Statement of responsibility, etc. |
edited by Sharon Sullivan, Richard Mackay. |
| 260 ## - PUBLICATION, DISTRIBUTION, ETC. |
| Place of publication, distribution, etc. |
Los Angeles : |
| Name of publisher, distributor, etc. |
Getty Conservation Institute, |
| Date of publication, distribution, etc. |
c2012. |
| 300 ## - PHYSICAL DESCRIPTION |
| Extent |
xxi, 786 p. : |
| Other physical details |
ill. (chiefly col.) ; |
| Dimensions |
26 cm. |
| 490 0# - SERIES STATEMENT |
| Series statement |
Readings in conservation |
| 504 ## - BIBLIOGRAPHY, ETC. NOTE |
| Bibliography, etc. note |
Includes bibliographical references and index. |
| 520 ## - SUMMARY, ETC. |
| Summary, etc. |
"Edited anthology of 73 previously published texts on the theory and practice of the conservation and management of archaeological sites"--Provided by publisher. |
| 650 #0 - SUBJECT ADDED ENTRY--TOPICAL TERM |
| Topical term or geographic name entry element |
Antiquities |
| General subdivision |
Collection and preservation. |
| 650 #0 - SUBJECT ADDED ENTRY--TOPICAL TERM |
| Topical term or geographic name entry element |
Historic sites |
| General subdivision |
Conservation and restoration. |
| 650 #0 - SUBJECT ADDED ENTRY--TOPICAL TERM |
| Topical term or geographic name entry element |
Cultural property |
| General subdivision |
Protection. |
| 700 1# - ADDED ENTRY--PERSONAL NAME |
| Personal name |
Sullivan, Sharon, |
| Dates associated with a name |
1944- |
| Relator term |
editor. |
| 700 1# - ADDED ENTRY--PERSONAL NAME |
| Personal name |
Mackay, Richard, |
| Dates associated with a name |
1960- |
| Relator term |
editor. |
| 906 ## - LOCAL DATA ELEMENT F, LDF (RLIN) |
| a |
7 |
| b |
cbc |
| c |
orignew |
| d |
1 |
| e |
ecip |
| f |
20 |
| g |
y-gencatlg |
| 942 ## - ADDED ENTRY ELEMENTS (KOHA) |
| Source of classification or shelving scheme |
Library of Congress Classification |
| Koha item type |
Books |
| Classification part |
135 |
| Item part |
ARC |
| Call number prefix |
CC |
| Call number suffix |
2012 |